| 000 | 00598nam a2200229Ia 4500 | ||
|---|---|---|---|
| 003 | OSt | ||
| 005 | 20220918214518.0 | ||
| 006 | a|||||r|||| 00| 0 | ||
| 007 | ta | ||
| 008 | 220917b |||||||| |||| 00| 0 eng d | ||
| 024 | _a137,782 | ||
| 037 | _cTextual | ||
| 040 |
_aARTS _cARTS _beng |
||
| 041 |
_2eng _aeng |
||
| 082 | _aY:393nM91, N5 | ||
| 245 | 0 | _aStudies in communications ed by Thelma McCormack | |
| 260 |
_aGreenwich _bJai Press Inc. _c1995 |
||
| 300 |
_axi, 214p. _ccm. |
||
| 650 | _aSOCIOLOGY | ||
| 942 |
_hY:393nM91, N5 _cTEXL _2CC |
||
| 999 |
_c260860 _d260860 |
||